000 00385nam a22001697a 4500
003 CEME
005 20210628203044.0
008 210201b xxu||||| |||| 00| 0 eng d
020 _a9789695035207
040 _c.
082 _a891.4393 MUM
100 _aMumtaz Mufti
_9370
245 _aAli poor ka aeli
260 _aLAHORE
_bAL FAISAL
_c2010
300 _a967P
942 _cBK
_2ddc
999 _c572004
_d572004